| 000 | 00899cam a22002411 4500 | ||
|---|---|---|---|
| 001 | gs 14000762 | ||
| 003 | DLC | ||
| 005 | 20260227111316.0 | ||
| 008 | 891014s1914 ag ab b 000 0 spa | ||
| 010 | _ags 14000762 | ||
| 035 | _a(OCoLC)20492856 | ||
| 040 |
_aDLC _cCU _dCU _dDLC |
||
| 042 | _apremarc | ||
| 050 | 0 | 0 |
_aQE231 _b.A28 no. 9 |
| 100 | 1 |
_aBonarelli, Guido, _d1871- |
|
| 245 | 0 | 3 |
_aLa estructura geológica y los yacimientos petrolíferos del distrito minero de Orán, provincia de Salta, _cpor el geólogo Dr. Guido Bonarelli. |
| 260 |
_aBuenos Aires, _bTalleres gráficos del Ministerio de agricultura, _c1914. |
||
| 300 |
_a43 p. _billus., fold. map, diagr. _c27 cm. |
||
| 410 | 1 | 0 |
_aArgentina. _bDirección General de Minas y Geología. _tBoletin _vno. 9, serie B (Geologia) |
| 504 | _a"Bibliografía": p. [7]-9. | ||
| 650 | 0 |
_aGeology _zArgentina. |
|
| 650 | 0 |
_aPetroleum _zArgentina. |
|
| 999 |
_c25431 _d25431 |
||